Amérique latine /
Gardado en:
| Novo título: | Amérique latine (Paris, France : 2012) |
|---|---|
| Autor Corporativo: | |
| Formato: | Seriadas |
| Idioma: | French |
| Publicado: |
Paris :
La Documentation française,
c2000-
|
| Series: | La documentación francaise
|
| Materias: | |
| Etiquetas: |
Engadir etiqueta
Sen Etiquetas, Sexa o primeiro en etiquetar este rexistro!
|
MARC
| LEADER | 00000cas a2200000 a 4500 | ||
|---|---|---|---|
| 001 | 12821400 | ||
| 005 | 20150127013506.0 | ||
| 008 | 020215d2000201ufr ar f0 0fre c | ||
| 020 | |a 2110045841 | ||
| 040 | |a GU |b eng |c GU |d DLC |d MH |d NLGGC |d InU |d CaQQL |d InU |d TxU |d OCoLC |d MH |d OCoLC |d CRU CIILA | ||
| 082 | |a 330.98 |b A421a | ||
| 130 | 0 | |a Amérique latine (Observatoire des changements en Amérique latine (Paris, France)) | |
| 245 | 1 | 0 | |a Amérique latine / |c IHEAL Observatoire des changements en Amérique latine ; sous la direction des Georges Couffignal. |
| 260 | |a Paris : |b La Documentation française, |c c2000- | ||
| 300 | |a volumenes. | ||
| 490 | 1 | |a La documentación francaise | |
| 505 | |r para Olivier Dabene. |t Le mercosur et la zone de libre-échange des Amériques: vers la convergence? / | ||
| 505 | |r par Christian Deblock, et Dorval Brunelle. |t Le project de zone de libre-échange des Amériques, un régionalisme en trois dimensions / | ||
| 505 | |r para Pierre Dempere et Carlos Quenan. |t Les débats sur la dollarisation: un état des lieux / | ||
| 505 | |r par Jaime Marques-Pereira. |t Crisis financières et régulation politique en Amérique Latine / | ||
| 505 | |r para Francosis D'Arcy. |t Brésil: l' entrée à marache forceé dans la mondialisation / | ||
| 505 | |r par Georges Couffignal et Daniel van Eeuwen. |t Venezuela: naissance d'un noveau régime ou retour aux populismes d'antan? / | ||
| 505 | |r par Bruno Revesz. |t Pérou: érosion des institutions et incertitudes écoomiques / | ||
| 651 | 1 | 4 | |a AMERICA LATINA |x CONDICONES ECONOMICAS |
| 710 | 2 | |a Observatoire des changements en Amérique latine (Paris, France) | |
| 785 | 0 | 0 | |t Amérique latine (Paris, France : 2012) |w (DLC) 2012235548 |w (OCoLC)818868685 |
| 942 | |2 ddc |c BK | ||
| 999 | |c 3783 |d 3783 | ||



